000 00513nam a2200193Ia 4500
008 151121s9999||||xx |||||||||||||| ||und||
082 _a824/GAR
082 _bHNW-4213
100 _aGarrett Garrett - com।
245 _aScenes from school life
260 _b"G। Bell & Sons, London।"
260 _c1941
300 _a248
600 _aGarrett Garrett - com।
630 _aScenes from school life
700 _aGarrett Garrett - com।
730 _aScenes from school life
942 _cBOOK
999 _c1212560
_d1212557